[Event "Capablanca Memorial op-B 45th"]
[Site "Havana"]
[Date "2011.05.13"]
[Round "3"]
[White "De la Torre Morales, Julio Danil"]
[Black "Diaz Perez, Michel Alejandro"]
[Result "0-1"]
[WhiteElo "2119"]
[BlackElo "2240"]
[PlyCount "66"]
[EventDate "2011.05.11"]
[EventType "swiss"]
[EventRounds "7"]
[EventCountry "CUB"]
[SourceTitle "CBM 142 Extra"]
[Source "ChessBase"]
[SourceDate "2011.06.27"]
[SourceVersion "1"]
[SourceVersionDate "2011.06.27"]
[SourceQuality "1"]

1. c4 e5 2. Nc3 Nf6 3. Nf3 Nc6 4. a3 d6 5. g3 Be7 6. Bg2 0-0 7. 0-0 Be6 8. d3 h6 9. b4 a6 10. Bd2 Qd7 11. b5 axb5 12. Nxb5 d5 13. Qc1 dxc4 14. dxc4 e4 15. Ne1 Ra4 16. Bf4 Rxc4 17. Qb1 Nd4 18. Nxd4 Qxd4 19. Nc2 Qb6 20. Ne3 Ra4 21. Rc1 Nd5 22. Nxd5 Bxd5 23. Rxc7 Qxb1+ 24. Rxb1 Bxa3 25. Ra1 Rfa8 26. Bh3 Bb2 27. Rc8+ Kh7 28. Rxa8 Rxa1+ 29. Rxa1 Bxa1 30. Bd7 Kg6 31. Bd2 Bc4 32. Kf1 Bd4 33. Bc8 b5 0-1